00000000nim 2200000zi 4500
0019.947494
003CaOODSP
00520250403102727
006m     o  h f      
007cr nna||||||||
008250129s2025    oncnnnn o      t  n fre d
03300|a20250129
040 |aCaOODSP|bfre|erda|cCaOODSP
043 |an-cn---
0861 |aCS452-00003/2024-8F-MP3
1001 |aPinault, Lauren L.,|d1983- |einterviewé.
24510|aHé-coutez bien! : |bÉpisode 23 - cartographie du bonheur : comment l'endroit où nous vivons influence notre bien-être.
264 1|a[Ottawa] : |b[Statistique Canada], |c[2025]
300 |a1 ressource en ligne (1 fichier sonore (14 min., 32 sec.))
336 |aparole prononcée|bspw|2rdacontent/fre
337 |aaudio|bs|2rdamedia/fre
337 |ainformatique|bc|2rdamedia/fre
338 |aressource en ligne|bcr|2rdacarrier/fre
344 |3Statistique Canada|anumérique|2rdatr
347 |3Statistique Canada|afichier audio|2rdaft
347 |3Statistique Canada|bMP3|c33.2 Mo|f320 kbps
500 |aPublié aussi en anglais sous le titre : Eh sayers episode 23 - mapping happiness : how where we live impacts our well-being.
500 |aComposante de la baladodiffusion Hé-coutez bien!
500 |aDisponible en streaming audio ou en fichier MP3 téléchargeable.
5110 |aAnnik Lepage, hôte, intervieweur.
518 |aDiffusé initialement le 29 janvier 2025.
520 |a« Vous n'êtes peut-être pas surpris d'apprendre que vos relations avec vos amis et votre famille influencent votre bien-être. Il en va de même pour votre santé et votre travail. Mais qu'en est-il du lieu où vous vivez ? Que vous viviez dans le centre-ville d'une grande ville, dans une ville de banlieue ou dans une communauté rurale, quel impact cela a-t-il sur votre satisfaction de vivre, votre solitude et votre sentiment d'appartenance ? Lauren Pinault, de StatCan, nous rejoint aujourd'hui au micro pour explorer comment les lieux où nous vivons influencent notre bien-être » -- Fourni par l'éditeur.
588 |aDescription basée sur la ressource en ligne; titre pris de la page Web de ressource (Statistique Canada, consulté le 29 janvier 2025).
60010|aPinault, Lauren L.,|d1983-|vEntretiens.
650 6|aBien-être|zCanada.
650 6|aLogement et santé|zCanada.
655 7|aÉmissions baladodiffusées|2rvmgf
655 7|aInterviews|2rvmgf
655 7|aEnregistrements sonores|2rvmgf
7001 |aLepage, Annik, |ehôte, |eintervieweur.
7102 |aStatistique Canada, |eorganisme de publication.
77508|tEh sayers episode 23 - mapping happiness : |w(CaOODSP)9.947493
85640|qMP3|s33.2 Mo|uhttps://publications.gc.ca/collections/collection_2025/statcan/45-20-0003/CS452-00003-2024-8-fra.mp3
8564 |qHTML|sS.O.|uhttps://www.statcan.gc.ca/fr/rb/balados/he-coutez-bien-ep23